Lanean...

The rehearsal

Xehetasun bibliografikoak
Egile nagusia: Fleanor Catton
Argitaratua: Quercus 2009
LEADER 00168 a2200085 4500
100 |a Fleanor Catton 
245 |a The rehearsal 
260 |c 2009  |b Quercus 
942 |c BK  |6 _ 
999 |c 70783  |d 70783